| 000 | 01008pam a2200301 a 4500 | ||
|---|---|---|---|
| 001 | 36014 | ||
| 003 | BD-RjUL | ||
| 005 | 20211209052422.0 | ||
| 008 | 140615s1993 enk b 001 0 eng | ||
| 020 | _a0415061490 | ||
| 020 | _a0415061504 (pbk.) | ||
| 035 | _a(BD-RjUL)36111 | ||
| 040 |
_aDLC _cDLC _dDLC _beng |
||
| 041 | _aeng | ||
| 082 | 0 | 0 |
_a335.0947 _bDAE 1993 |
| 100 | 1 |
_aDaniels, Robert Vincent. _9109640 |
|
| 245 | 1 | 4 |
_aThe end of the Communist revolution / _cRobert V. Daniels. |
| 260 |
_aLondon ; _aNew York : _bRoutledge, _c1993. |
||
| 300 |
_aviii, 222 p. ; _c25 cm. |
||
| 504 | _aIncludes bibliographical references (p. 191-209) and index. | ||
| 650 | 0 |
_aCommunism _zSoviet Union _xHistory. _9109641 |
|
| 650 | 0 |
_aPerestroĭka. _912152 |
|
| 651 | 0 |
_aSoviet Union _xPolitics and government _y1985-1991. _917216 |
|
| 856 | 4 | 2 |
_3Publisher description _uhttp://www.loc.gov/catdir/enhancements/fy0648/92022189-d.html |
| 942 |
_2ddc _cBK |
||
| 999 |
_c36014 _d36014 |
||